000 00495nam a22001817a 4500
005 20240920150749.0
008 240919b |||||||| |||| 00| 0 eng d
020 _a978-93-9057097-3
041 _aeng
082 _a519.23
100 _aVED, DR. AKASH
_98545
245 _aBIOSTATISTICS & RESEARCH METHODOLOGY [ B.PHARMA, 8TH SEMESTER]
250 _a1ST RE.PRINT .ED. 2022
260 _aLUCKNOW
_bTHAKUR PUBLICATION PVT.LTD
300 _a352;P
650 _aPHARMACY
_xB.PHARMA
942 _cBK
999 _c8674
_d8672